00350pab a2200133 454500008004000000100002200040245005100062260000900113300001300122362001100135650002900146650002100175773002000196180718b2015 xxu||||| |||| 00| 0 eng d aValera, Poonam B. aContemporary issues in Indian higher education c2015 ap.24-28. a27 Jul aHigher education - India aHigher education aUniversity News